| 000 | 00922nam a22002177a 4500 | ||
|---|---|---|---|
| 999 |
_c100373 _d100373 |
||
| 010 | _a1617CH-EN ENG-136334 | ||
| 020 |
_a9789380070889 _cRs.175.00 |
||
| 035 | _aB-642147-172 EN-119866 | ||
| 035 | _aB-664839 | ||
| 037 |
_aDPL _bBSB/Ven. |
||
| 082 | _aS | ||
| 100 | _aPyle, Howard | ||
| 245 |
_aKing arthur and the knights of the round table : _cby Howard Pyle |
||
| 260 |
_aNew Delhi _bOm Kidz _c2015 |
||
| 270 |
_a4379/4B, Prakash House, Ansari Road, _bNew Delhi _e110002 |
||
| 300 |
_a240p.; _bill. _c20cm(Hb) |
||
| 490 | _aOm Illustrated Classics | ||
| 942 |
_2ddc _cCH _mPYL _hS |
||